| 000 | 00652nam a22002057a 4500 | ||
|---|---|---|---|
| 003 | OSt | ||
| 005 | 20180301145149.0 | ||
| 008 | 180301b xxu||||| |||| 00| 0 eng d | ||
| 020 | _a0415355478 | ||
| 040 | _cDDC | ||
| 082 | _a572.86 McP 2006; | ||
| 100 |
_a McPherson ,Micheal.J, MollerGeir,Simon; _912504 |
||
| 245 |
_aPolymerase Chain Reaction :(PCR ) _bThe basics: |
||
| 250 | _a2nd ed. | ||
| 260 | _aUK ,Tailor & Francis: 2006 | ||
| 300 |
_ax,292p; _bill: _c25cm. |
||
| 504 | _aincludes index. | ||
| 650 |
_aBiology _95602 |
||
| 942 |
_2ddc _cO_SHELF |
||
| 999 |
_c6024 _d6024 |
||